000 00692cam a2200253 4500
001 12735
003 BD-RjUL
005 20211208235340.0
008 140129r19691961ii a 001 0 eng
035 _a(BD-RjUL)12785
040 _aDLC
_cDLC
_dBD-RjUL
_beng
041 _aeng
082 0 0 _a612
_bDAB 1969
100 1 _aD'Amour, Fred Edmund,
_d1895-
_938144
245 1 0 _aBasic physiology /
_cFred Edmund D'Amour.
250 _aIndian ed.
260 _aNew Delhi :
_bOxford & IBH,
_cc1961 [Ind. ed. 1969].
300 _a642 p. :
_billus. ;
_c24 cm.
500 _aIncludes index.
650 0 _aHuman physiology.
_938167
942 _2ddc
_cBK
999 _c12735
_d12735